[Event "EU-ch Blitz"]
[Site "Katowice"]
[Date "2021.12.17"]
[Round "14"]
[White "Diermair, Andreas"]
[Black "Bogdanov, Ignat"]
[Result "1/2-1/2"]
[WhiteElo "2490"]
[BlackElo "2058"]
[PlyCount "86"]
[EventDate "2021.12.17"]
[EventType "swiss (blitz)"]
[EventRounds "22"]
[EventCountry "POL"]
[SourceTitle "CBM 205 Extra"]
[Source "ChessBase"]
[SourceDate "2022.01.31"]
[SourceVersion "1"]
[SourceVersionDate "2022.01.31"]
[SourceQuality "1"]

1. d4 d5 2. Nf3 Nf6 3. g3 c5 4. Bg2 Nc6 5. 0-0 Bf5 6. c4 e6 7. Nc3 Be7 8. dxc5 Bxc5 9. cxd5 exd5 10. Bg5 d4 11. Na4 Bb6 12. Rc1 0-0 13. Nc5 Bxc5 14. Rxc5 Be4 15. Qd2 Qd6 16. Rfc1 Rad8 17. Qf4 Qxf4 18. Bxf4 d3 19. exd3 Rxd3 20. Ne1 Rd7 21. Bh3 Rd5 22. f3 Rxc5 23. Rxc5 Bd5 24. a3 Re8 25. Kf2 h6 26. Nd3 Be6 27. Bxe6 Rxe6 28. Be3 Rd6 29. Nf4 g5 30. Ne2 Nd5 31. Bd2 Nc7 32. Bc3 Ne6 33. Rc4 Rd5 34. h4 Kf8 35. hxg5 hxg5 36. g4 Ke7 37. Ng3 Kd7 38. Re4 Ncd4 39. Ne2 Nxe2 40. Rxe2 Kc6 41. Re4 b6 42. Rc4+ Rc5 43. Re4 Rd5 1/2-1/2

[Event "EU-ch Blitz"]
[Site "Katowice"]
[Date "2021.12.17"]
[Round "22"]
[White "Gretarsson, Helgi Ass"]
[Black "Bogdanov, Ignat"]
[Result "1/2-1/2"]
[WhiteElo "2469"]
[BlackElo "2058"]
[PlyCount "125"]
[EventDate "2021.12.17"]
[EventType "swiss (blitz)"]
[EventRounds "22"]
[EventCountry "POL"]
[SourceTitle "CBM 205 Extra"]
[Source "ChessBase"]
[SourceDate "2022.01.31"]
[SourceVersion "1"]
[SourceVersionDate "2022.01.31"]
[SourceQuality "1"]

1. d4 d5 2. c4 dxc4 3. e4 c5 4. d5 e6 5. Bxc4 exd5 6. Bxd5 Nc6 7. Nc3 Nf6 8. Bxc6+ bxc6 9. Qxd8+ Kxd8 10. Bg5 Kc7 11. 0-0-0 Be6 12. Bf4+ Kb7 13. h3 Be7 14. Bd6 Bxd6 15. Rxd6 Rad8 16. Rxd8 Rxd8 17. Nge2 Bc4 18. Ng3 g6 19. Re1 Kc7 20. f3 Nd7 21. b3 Be6 22. f4 Nb6 23. Kc2 a5 24. f5 Bc8 25. Rf1 gxf5 26. Nxf5 Be6 27. g4 c4 28. Ng7 cxb3+ 29. axb3 Rd7 30. Rf6 Re7 31. Nf5 Bxf5 32. exf5 Nd7 33. Rh6 f6 34. h4 Rg7 35. Kd2 Rxg4 36. Rxh7 Rf4 37. Ne2 Rxf5 38. Nd4 Rd5 39. Kc3 Kd6 40. Rh8 c5 41. Nc2 Rf5 42. Ne3 Rf3 43. Kd2 Rf2+ 44. Kd3 Ne5+ 45. Ke4 Rh2 46. Nf5+ Kc7 47. Kd5 Rh3 48. h5 Rxb3 49. Kxc5 Rc3+ 50. Kd4 Rh3 51. h6 Ng4 52. h7 Kb7 53. Nd6+ Ka7 54. Kc5 Ne5 55. Nb5+ Kb7 56. Nd6+ Ka7 57. Ne4 Nf7 58. Rf8 Rxh7 59. Nxf6 Ne5 60. Nxh7 Nd7+ 61. Kb5 Nxf8 62. Nxf8 a4 63. Kxa4 1/2-1/2

[Event "EU-ch Blitz"]
[Site "Katowice"]
[Date "2021.12.17"]
[Round "18"]
[White "Kjartansson, Gudmundur"]
[Black "Bogdanov, Ignat"]
[Result "1-0"]
[WhiteElo "2460"]
[BlackElo "2058"]
[PlyCount "85"]
[EventDate "2021.12.17"]
[EventType "swiss (blitz)"]
[EventRounds "22"]
[EventCountry "POL"]
[SourceTitle "CBM 205 Extra"]
[Source "ChessBase"]
[SourceDate "2022.01.31"]
[SourceVersion "1"]
[SourceVersionDate "2022.01.31"]
[SourceQuality "1"]

1. c4 Nf6 2. Nc3 c6 3. d4 d5 4. e3 e6 5. Nf3 Be7 6. Bd3 0-0 7. 0-0 Nbd7 8. b3 b6 9. Bb2 Bb7 10. e4 dxe4 11. Nxe4 Nxe4 12. Bxe4 Nf6 13. Bc2 Qc7 14. Qe2 Rad8 15. Rad1 c5 16. Rfe1 Bxf3 17. Qxf3 cxd4 18. Bxd4 Rd7 19. Qh3 h6 20. Qc3 Rfd8 21. Be5 Qc8 22. Rxd7 Rxd7 23. h3 Qd8 24. b4 Bd6 25. Ba4 Bxe5 26. Qxe5 Rd4 27. Rc1 Re4 28. Qc3 Qd4 29. Qxd4 Rxd4 30. Bb3 Kf8 31. Kf1 Ke7 32. Ke2 Rd7 33. a4 a5 34. c5 axb4 35. cxb6 Ne4 36. a5 Nc3+ 37. Rxc3 bxc3 38. a6 Rd2+ 39. Ke3 Rb2 40. a7 Rxb3 41. a8Q c2+ 42. Kd2 Rxb6 43. Qa7+ 1-0

[Event "Infoszach Masters"]
[Site "Chess.com INT"]
[Date "2020.11.20"]
[Round "2.2"]
[White "Bogdanov, Egor"]
[Black "Bogdanov, Ignat"]
[Result "0-1"]
[WhiteElo "2425"]
[BlackElo "2058"]
[PlyCount "60"]
[EventDate "2020.11.16"]
[EventType "k.o. (blitz)"]
[EventRounds "3"]
[EventCountry "POL"]
[SourceTitle "CBM 199 Extra"]
[Source "ChessBase"]
[SourceDate "2021.01.31"]
[SourceVersion "1"]
[SourceVersionDate "2021.01.31"]
[SourceQuality "1"]

1. e4 e6 2. d4 d5 3. exd5 exd5 4. c4 Bb4+ 5. Nc3 Nf6 6. Nf3 0-0 7. Bd3 dxc4 8. Bxc4 Re8+ 9. Be3 Be6 10. Bd3 c6 11. 0-0 Nbd7 12. Bg5 h6 13. Bh4 Nb6 14. Ne5 c5 15. Bb5 cxd4 16. Bxe8 dxc3 17. Bb5 cxb2 18. Rb1 Bc3 19. Nd3 Bxa2 20. Rxb2 Bxb2 21. Nxb2 Qxd1 22. Rxd1 a6 23. Bd3 Be6 24. Bxf6 gxf6 25. Be4 Rb8 26. Nd3 f5 27. Bf3 Nc4 28. Nf4 b5 29. Rd4 b4 30. Nxe6 b3 0-1

[Event "Infoszach Masters"]
[Site "Chess.com INT"]
[Date "2020.11.20"]
[Round "2.4"]
[White "Bogdanov, Egor"]
[Black "Bogdanov, Ignat"]
[Result "1/2-1/2"]
[WhiteElo "2425"]
[BlackElo "2058"]
[PlyCount "114"]
[EventDate "2020.11.16"]
[EventType "k.o. (blitz)"]
[EventRounds "3"]
[EventCountry "POL"]
[SourceTitle "CBM 199 Extra"]
[Source "ChessBase"]
[SourceDate "2021.01.31"]
[SourceVersion "1"]
[SourceVersionDate "2021.01.31"]
[SourceQuality "1"]

1. b3 e5 2. Bb2 Nc6 3. e3 Nf6 4. Bb5 d6 5. Nf3 Bg4 6. h3 Bh5 7. g4 Bg6 8. Nh4 Be7 9. Nf5 Bxf5 10. gxf5 Qd7 11. Qf3 a6 12. Bxc6 Qxc6 13. Qxc6+ bxc6 14. Rg1 g6 15. f4 exf4 16. exf4 gxf5 17. Rg5 Kd7 18. Rxf5 Ke6 19. Rg5 Rhg8 20. Na3 Nd5 21. f5+ Kd7 22. Rxg8 Rxg8 23. 0-0-0 Rg3 24. Rf1 Bf6 25. Bxf6 Nxf6 26. Rf4 Rxh3 27. Ra4 h5 28. Rxa6 h4 29. Ra8 Ne8 30. Ra4 Ng7 31. f6 Nf5 32. Ra8 Ke6 33. Nc4 Rh1+ 34. Kb2 h3 35. Rh8 Kxf6 36. a4 Kg7 37. Rh5 Kg6 38. Rh8 Nh6 39. a5 h2 40. a6 Rb1+ 41. Kxb1 h1Q+ 42. Kb2 Qg1 43. Ne3 Qg5 44. Ra8 Qe5+ 45. Kb1 Nf5 46. a7 Nxe3 47. Rg8+ Kf6 48. a8Q Nd5 49. Qd8+ Ne7 50. Re8 Qe1+ 51. Kb2 Qe5+ 52. c3 Qe2 53. Kc1 Qe1+ 54. Kc2 Qe4+ 55. Kb2 Qe2 56. Ka3 Qa6+ 57. Kb2 Qe2 1/2-1/2

[Event "Infoszach Masters"]
[Site "Chess.com INT"]
[Date "2020.11.20"]
[Round "2.3"]
[White "Bogdanov, Ignat"]
[Black "Bogdanov, Egor"]
[Result "0-1"]
[WhiteElo "2058"]
[BlackElo "2425"]
[PlyCount "48"]
[EventDate "2020.11.16"]
[EventType "k.o. (blitz)"]
[EventRounds "3"]
[EventCountry "POL"]
[SourceTitle "CBM 199 Extra"]
[Source "ChessBase"]
[SourceDate "2021.01.31"]
[SourceVersion "1"]
[SourceVersionDate "2021.01.31"]
[SourceQuality "1"]

1. d4 Nf6 2. c4 g6 3. Nc3 Bg7 4. e4 0-0 5. Be2 d6 6. Be3 e5 7. d5 a5 8. g4 Na6 9. g5 Nd7 10. h4 f5 11. gxf6 Qxf6 12. h5 g5 13. h6 Bxh6 14. Qd2 Ndc5 15. 0-0-0 Qg6 16. Nf3 Nb4 17. Rxh6 Qxh6 18. Rg1 Nxa2+ 19. Nxa2 Nb3+ 20. Kc2 Nxd2 21. Bxg5 Nxf3 22. Bxf3 Qh2 23. Rg2 Qxg2 24. Bxg2 Rxf2+ 0-1

[Event "Infoszach Masters"]
[Site "Chess.com INT"]
[Date "2020.11.18"]
[Round "1.4"]
[White "Bogdanov, Ignat"]
[Black "Piesik, Piotr"]
[Result "1/2-1/2"]
[WhiteElo "2058"]
[BlackElo "2400"]
[PlyCount "88"]
[EventDate "2020.11.16"]
[EventType "k.o. (blitz)"]
[EventRounds "3"]
[EventCountry "POL"]
[SourceTitle "CBM 199 Extra"]
[Source "ChessBase"]
[SourceDate "2021.01.31"]
[SourceVersion "1"]
[SourceVersionDate "2021.01.31"]
[SourceQuality "1"]

1. d4 c5 2. e3 Nf6 3. Nf3 d5 4. c4 Nc6 5. Nc3 cxd4 6. exd4 Bg4 7. Be3 e6 8. Be2 Bd6 9. cxd5 exd5 10. h3 Bh5 11. 0-0 0-0 12. Bg5 Be7 13. Ne5 Bxe2 14. Nxc6 Bxd1 15. Nxd8 Rfxd8 16. Raxd1 h6 17. Bh4 Kf8 18. Rfe1 Bb4 19. Bxf6 gxf6 20. Re3 Rac8 21. Rdd3 Bxc3 22. Rxc3 Rxc3 23. Rxc3 Rd7 24. Kf1 Ke7 25. Ke2 Kd6 26. Kd2 Re7 27. Rf3 Ke6 28. Re3+ Kd6 29. Rxe7 Kxe7 30. Ke3 f5 31. Kf4 Ke6 32. g3 Kf6 33. f3 Ke6 34. h4 Kf6 35. g4 fxg4 36. fxg4 Ke6 37. b3 b6 38. a3 a6 39. Ke3 Ke7 40. Kf3 Kf6 41. Ke3 Ke7 42. Kf4 Ke6 43. Kf3 Kd7 44. Ke3 Ke7 1/2-1/2

[Event "Infoszach Masters"]
[Site "Chess.com INT"]
[Date "2020.11.18"]
[Round "1.6"]
[White "Bogdanov, Ignat"]
[Black "Piesik, Piotr"]
[Result "1-0"]
[WhiteElo "2058"]
[BlackElo "2400"]
[PlyCount "89"]
[EventDate "2020.11.16"]
[EventType "k.o. (blitz)"]
[EventRounds "3"]
[EventCountry "POL"]
[SourceTitle "CBM 199 Extra"]
[Source "ChessBase"]
[SourceDate "2021.01.31"]
[SourceVersion "1"]
[SourceVersionDate "2021.01.31"]
[SourceQuality "1"]

1. d4 g6 2. c4 Bg7 3. Nc3 d6 4. e4 Nd7 5. Be2 e5 6. Be3 Ngf6 7. d5 Nc5 8. f3 a5 9. g4 h5 10. g5 Nh7 11. h4 f6 12. gxf6 Bxf6 13. Bf2 Bd7 14. Qd2 Qe7 15. 0-0-0 a4 16. Bxc5 dxc5 17. d6 cxd6 18. Qxd6 Qxd6 19. Rxd6 Ke7 20. Rb6 Bc6 21. Nd5+ Bxd5 22. cxd5 Ra7 23. d6+ Kf7 24. Bc4+ Kg7 25. Ne2 Rd8 26. f4 Nf8 27. f5 Nd7 28. Rb5 gxf5 29. exf5 a3 30. b3 Ra6 31. Rd1 Rb6 32. Rxb6 Nxb6 33. Be6 Bxh4 34. Nc3 Bf2 35. Ne4 Bd4 36. Rh1 Rh8 37. f6+ Kg6 38. Rh2 Be3+ 39. Kc2 h4 40. Rg2+ Kh6 41. f7 Rf8 42. Rg8 Nd7 43. Bxd7 Rxf7 44. Be6 Rf4 45. d7 1-0

[Event "Infoszach Masters"]
[Site "Chess.com INT"]
[Date "2020.11.18"]
[Round "1.8"]
[White "Bogdanov, Ignat"]
[Black "Piesik, Piotr"]
[Result "1-0"]
[WhiteElo "2058"]
[BlackElo "2400"]
[PlyCount "73"]
[EventDate "2020.11.16"]
[EventType "k.o. (blitz)"]
[EventRounds "3"]
[EventCountry "POL"]
[SourceTitle "CBM 199 Extra"]
[Source "ChessBase"]
[SourceDate "2021.01.31"]
[SourceVersion "1"]
[SourceVersionDate "2021.01.31"]
[SourceQuality "1"]

1. d4 c5 2. e3 Nf6 3. Nf3 d5 4. c4 Nc6 5. Nc3 Bg4 6. cxd5 Nxd5 7. Be2 e6 8. 0-0 cxd4 9. Nxd4 Bxe2 10. Ncxe2 Rc8 11. b3 Bd6 12. Bb2 0-0 13. Nxc6 Rxc6 14. Nd4 Rc8 15. Rc1 Qh4 16. g3 Qe4 17. Qf3 Qxf3 18. Nxf3 Nb4 19. Rxc8 Rxc8 20. Rd1 Bf8 21. Rd7 Rc2 22. Ba3 Rxa2 23. Bxb4 Bxb4 24. Rxb7 a5 25. Rb8+ Bf8 26. Ne5 Rd2 27. Nc4 Rd5 28. Ra8 Rb5 29. Nxa5 g6 30. Nc6 Rxb3 31. Ne5 Rb7 32. Kg2 Kg7 33. Nf3 Bd6 34. Rd8 Be7 35. Rd2 Bf6 36. Nd4 Rd7 37. Nxe6+ 1-0

[Event "Eljanov Memorial 6th"]
[Site "Chess.com INT"]
[Date "2020.10.29"]
[Round "4"]
[White "Bogdanov, Ignat"]
[Black "Bykhovsky, Avigdor"]
[Result "0-1"]
[WhiteElo "2058"]
[BlackElo "2400"]
[PlyCount "114"]
[EventDate "2020.10.29"]
[EventType "swiss (blitz)"]
[EventRounds "9"]
[EventCountry "UKR"]
[SourceTitle "CBM 199 Extra"]
[Source "ChessBase"]
[SourceDate "2021.01.31"]
[SourceVersion "1"]
[SourceVersionDate "2021.01.31"]
[SourceQuality "1"]

1. d4 Nf6 2. c4 e6 3. Nc3 Bb4 4. Qc2 0-0 5. Bg5 h6 6. Bxf6 Qxf6 7. e3 c5 8. Nf3 cxd4 9. Nxd4 Nc6 10. Rd1 a6 11. a3 Nxd4 12. Rxd4 Be7 13. Be2 Qg6 14. Qxg6 fxg6 15. 0-0 Rb8 16. Rfd1 b6 17. Bf3 g5 18. h3 Kf7 19. Ne4 Rd8 20. Nd6+ Bxd6 21. Rxd6 Ke7 22. R1d2 Bb7 23. Rxb6 Bxf3 24. Rxb8 Rxb8 25. gxf3 Rb3 26. Kf1 d6 27. Ke2 e5 28. Kd1 Ke6 29. Kc2 Rb7 30. Rd5 Rf7 31. f4 gxf4 32. e4 Rc7 33. Kd3 g5 34. b4 h5 35. Ra5 Rc6 36. b5 axb5 37. cxb5 Rc1 38. a4 g4 39. hxg4 hxg4 40. b6 Rb1 41. Ra6 g3 42. fxg3 fxg3 43. Ra8 g2 44. Rg8 g1Q 45. Rxg1 Rxg1 46. a5 Kd7 47. a6 Kc6 48. a7 Kb7 49. Kc4 Rd1 50. Kb5 Rd4 51. a8Q+ Kxa8 52. Kc6 Kb8 53. b7 Rxe4 54. Kxd6 Rb4 55. Kd5 Rxb7 56. Kxe5 Rd7 57. Ke4 Kc7 0-1

[Event "Anti Cheating Blitz Cup"]
[Site "Chess.com INT"]
[Date "2020.05.20"]
[Round "7"]
[White "Pulpan, Jakub"]
[Black "Bogdanov, Ignat"]
[Result "0-1"]
[WhiteElo "2407"]
[BlackElo "2079"]
[PlyCount "122"]
[EventDate "2020.05.20"]
[EventType "swiss (blitz)"]
[EventRounds "11"]
[EventCountry "USA"]
[SourceTitle "CBM 196 Extra"]
[Source "ChessBase"]
[SourceDate "2020.07.31"]
[SourceVersion "1"]
[SourceVersionDate "2020.07.31"]
[SourceQuality "1"]

1. Nf3 Nf6 2. b3 g6 3. Bb2 Bg7 4. g3 0-0 5. Bg2 c5 6. c4 Nc6 7. Nc3 d5 8. Nxd5 Nxd5 9. Bxg7 Kxg7 10. cxd5 Qxd5 11. 0-0 Nd4 12. Rc1 Nxf3+ 13. Bxf3 Qd6 14. Qc2 Bf5 15. Qxc5 Qxd2 16. Bxb7 Rab8 17. Bf3 Qxa2 18. Qe5+ Kg8 19. Qxe7 Qxb3 20. Qxa7 Bh3 21. Rfe1 Rfe8 22. Bg2 Bxg2 23. Kxg2 Qd5+ 24. Kg1 Rb2 25. e3 Qf3 26. Rf1 Rd8 27. Rb1 Rxb1 28. Rxb1 Rd1+ 29. Rxd1 Qxd1+ 30. Kg2 Qd5+ 31. f3 Qd2+ 32. Kh3 Qf2 33. Qb8+ Kg7 34. Qf4 Qf1+ 35. Kg4 f5+ 36. Kh4 h6 37. Qd4+ Kf7 38. Qd5+ Kf6 39. Qd6+ Kf7 40. Qd5+ Kf6 41. Qc6+ Kf7 42. Qc7+ Kf6 43. Qc3+ Kf7 44. Qb3+ Kf6 45. Qb2+ Kf7 46. f4 Qf3 47. Kh3 Qxe3 48. Qh8 h5 49. Kh4 Qe7+ 50. Kh3 Qe4 51. Qh7+ Kf6 52. Kh4 g5+ 53. Kxh5 Qf3+ 54. Kh6 gxf4 55. Qh8+ Ke6 56. Qe8+ Kf6 57. Qd8+ Ke5 58. Qc7+ Kf6 59. Qxf4 Qc6 60. Kh5 Qe8+ 61. Kh6 Qh8# 0-1

[Event "Krakow op-B 30th"]
[Site "Krakow"]
[Date "2019.12.31"]
[Round "6"]
[White "Bogdanov, Ignat"]
[Black "Trybus, Daniel"]
[Result "1-0"]
[WhiteElo "2082"]
[BlackElo "1862"]
[PlyCount "53"]
[EventDate "2019.12.27"]
[EventType "swiss"]
[EventRounds "9"]
[EventCountry "POL"]
[SourceTitle "CBM 195 Extra"]
[Source "ChessBase"]
[SourceDate "2020.05.31"]
[SourceVersion "1"]
[SourceVersionDate "2020.05.31"]
[SourceQuality "1"]

1. Nc3 d5 2. e4 Nf6 3. e5 Nfd7 4. f4 c5 5. Nf3 Nc6 6. d4 cxd4 7. Nxd4 Nxd4 8. Qxd4 e6 9. Be3 Qa5 10. Qd2 a6 11. a3 b5 12. Bd3 Be7 13. 0-0 Qc7 14. Ne2 0-0 15. Nd4 Nc5 16. c3 Nxd3 17. Qxd3 f6 18. Rae1 fxe5 19. fxe5 Bd7 20. Bf4 Qc4 21. Qg3 Rf7 22. Bh6 Raf8 23. Rf3 Bc5 24. Ref1 Bxd4+ 25. cxd4 Qxd4+ 26. Kh1 Qc5 27. Rxf7 1-0

[Event "Krakow op-B 30th"]
[Site "Krakow"]
[Date "2019.12.29"]
[Round "4"]
[White "Bogdanov, Ignat"]
[Black "Gorkiewicz, Mateusz"]
[Result "1/2-1/2"]
[WhiteElo "2082"]
[BlackElo "1964"]
[PlyCount "118"]
[EventDate "2019.12.27"]
[EventType "swiss"]
[EventRounds "9"]
[EventCountry "POL"]
[SourceTitle "CBM 195 Extra"]
[Source "ChessBase"]
[SourceDate "2020.05.31"]
[SourceVersion "1"]
[SourceVersionDate "2020.05.31"]
[SourceQuality "1"]

1. Nf3 d5 2. g3 Nf6 3. Bg2 e6 4. 0-0 Be7 5. d4 0-0 6. c4 dxc4 7. Ne5 Nc6 8. Bxc6 bxc6 9. Nxc6 Qe8 10. Nxe7+ Qxe7 11. Qc2 c5 12. dxc5 Qxc5 13. Be3 Qc6 14. f3 Nd5 15. Bf2 a5 16. Nc3 Ba6 17. Rfd1 Rab8 18. Bd4 Nxc3 19. Qxc3 f6 20. Qxa5 Rb5 21. Qe1 e5 22. Bc3 e4 23. Qf2 Bb7 24. Rd4 exf3 25. exf3 Rf5 26. Rf1 Rc8 27. g4 Rxf3 28. Qxf3 Qxf3 29. Rxf3 Bxf3 30. Kf2 Bb7 31. a4 Kf8 32. a5 Ke8 33. Rd6 Rc6 34. Rxc6 Bxc6 35. Ke3 Kd7 36. Kd4 Bf3 37. g5 fxg5 38. Kxc4 Kc6 39. Bxg7 g4 40. Bh6 Be2+ 41. Kd4 Kb5 42. Bd2 Bd1 43. Be1 Be2 44. Ke3 Bd1 45. Kd4 Be2 46. Kd5 Bf1 47. Kd6 Be2 48. Kc7 Ka6 49. Kc6 Bf1 50. b4 Be2 51. Kc5 Bf1 52. Bh4 Be2 53. Bf6 Bf1 54. Be7 Be2 55. Kd4 Kb5 56. Ke3 Bd1 57. Kf4 Be2 58. Kg5 Bd1 59. Bd6 Be2 1/2-1/2

[Event "Krakow op-B 30th"]
[Site "Krakow"]
[Date "2019.12.28"]
[Round "2"]
[White "Bogdanov, Ignat"]
[Black "Mirski, Michal"]
[Result "1-0"]
[WhiteElo "2082"]
[BlackElo "1982"]
[PlyCount "147"]
[EventDate "2019.12.27"]
[EventType "swiss"]
[EventRounds "9"]
[EventCountry "POL"]
[SourceTitle "CBM 195 Extra"]
[Source "ChessBase"]
[SourceDate "2020.05.31"]
[SourceVersion "1"]
[SourceVersionDate "2020.05.31"]
[SourceQuality "1"]

1. Nf3 c5 2. g3 Nc6 3. Bg2 Nf6 4. 0-0 d5 5. d4 cxd4 6. Nxd4 e5 7. Nxc6 bxc6 8. c4 Bc5 9. Bg5 Be6 10. Nc3 e4 11. cxd5 cxd5 12. Qd2 0-0 13. Rfd1 Rb8 14. e3 h6 15. Bxf6 Qxf6 16. Rab1 Qe5 17. a3 Rb3 18. Qc2 Rfb8 19. a4 Be7 20. Nb5 Rb4 21. b3 Rc8 22. Qd2 a6 23. Nd4 Rb6 24. Rdc1 Bb4 25. Rxc8+ Bxc8 26. Qc2 Bd7 27. Rc1 Bd6 28. Bf1 Bb8 29. Qd2 Qd6 30. a5 Rb7 31. Rb1 Ba7 32. Nc2 Bb5 33. b4 Qe5 34. Bxb5 Rxb5 35. Na3 Rb8 36. Rd1 d4 37. exd4 Qd5 38. Nc2 Qc4 39. d5 Rd8 40. d6 Bb8 41. d7 Be5 42. Ne3 Qb5 43. Qd5 Qxd5 44. Rxd5 Bc3 45. b5 axb5 46. a6 Bf6 47. a7 Ra8 48. Rxb5 Rxa7 49. Rb8+ Kh7 50. d8Q Bxd8 51. Rxd8 Kg6 52. g4 Kf6 53. Rd6+ Ke5 54. Rd5+ Kf6 55. Kg2 g6 56. Kg3 Ke6 57. Kf4 Ra2 58. Kg3 Ra3 59. Rb5 f5 60. gxf5+ gxf5 61. Kf4 Ra2 62. Re5+ Kd7 63. Nxf5 Rxf2+ 64. Kg3 Rf3+ 65. Kg4 h5+ 66. Kh4 Rf2 67. h3 Rf3 68. Ng3 e3 69. Nxh5 Kd6 70. Re8 Kd5 71. Kg4 Rf1 72. Rxe3 Kd4 73. Re8 Rg1+ 74. Ng3 1-0

[Event "Suwalki Warakomska Memorial-B 1st"]
[Site "Suwalki"]
[Date "2017.08.17"]
[Round "8"]
[White "Janulek, Dawid"]
[Black "Bogdanov, Ignat"]
[Result "1/2-1/2"]
[WhiteElo "2006"]
[BlackElo "2078"]
[PlyCount "64"]
[EventDate "2017.08.11"]
[EventType "swiss"]
[EventRounds "9"]
[EventCountry "POL"]
[SourceTitle "CBM 180 Extra"]
[Source "ChessBase"]
[SourceDate "2017.10.06"]
[SourceVersion "1"]
[SourceVersionDate "2017.10.06"]
[SourceQuality "1"]

1. e4 e6 2. d4 d5 3. Nc3 Nf6 4. e5 Nfd7 5. Nf3 a6 6. Bd3 Be7 7. Qe2 c5 8. dxc5 Nxc5 9. 0-0 Nc6 10. a3 Nxd3 11. Qxd3 Bc5 12. Bf4 Bd7 13. Rad1 Ne7 14. Bg5 h6 15. Bxe7 Qxe7 16. Nd4 Rc8 17. Nce2 0-0 18. Kh1 Qe8 19. f4 Bxd4 20. Nxd4 Bb5 21. Nxb5 Qxb5 22. Qxb5 axb5 23. c3 Rc4 24. g3 Rfc8 25. Kg2 g6 26. Kf3 Kf8 27. Rd3 Ke7 28. Rfd1 h5 29. Rd4 Kd7 30. R1d2 Kc6 31. Ke2 Kb6 32. Kd1 R8c7 1/2-1/2

[Event "Suwalki Warakomska Memorial-B 1st"]
[Site "Suwalki"]
[Date "2017.08.11"]
[Round "1"]
[White "Bogdanov, Ignat"]
[Black "Jankowiak, Tomasz"]
[Result "1/2-1/2"]
[WhiteElo "2078"]
[BlackElo "1905"]
[PlyCount "120"]
[EventDate "2017.08.11"]
[EventType "swiss"]
[EventRounds "9"]
[EventCountry "POL"]
[SourceTitle "CBM 180 Extra"]
[Source "ChessBase"]
[SourceDate "2017.10.06"]
[SourceVersion "1"]
[SourceVersionDate "2017.10.06"]
[SourceQuality "1"]

1. d4 Nf6 2. c4 g6 3. Nc3 Bg7 4. g3 0-0 5. Bg2 d6 6. e3 e5 7. Nge2 c6 8. b3 Re8 9. 0-0 Na6 10. Ba3 Nc7 11. dxe5 dxe5 12. Qc2 Bf5 13. e4 Be6 14. Rfd1 Qc8 15. Bd6 Nd7 16. Rd2 b6 17. Rad1 Qb7 18. f4 exf4 19. gxf4 Bg4 20. h3 Bxe2 21. Nxe2 Ne6 22. e5 a5 23. Qe4 Rac8 24. Nd4 Nxd4 25. Rxd4 f6 26. Qe2 fxe5 27. fxe5 Nxe5 28. Bxe5 Bxe5 29. Re4 Qc7 30. Kh1 Re7 31. c5 b5 32. a4 b4 33. Qa6 Rce8 34. Re2 Re6 35. Qc4 Kg7 36. Qg4 R6e7 37. Qf3 Re6 38. Qg4 R8e7 39. Qc4 Qc8 40. Rde1 Qc7 41. Rd1 Rf6 42. Rde1 Rff7 43. Rd1 Bc3 44. Rd6 Rxe2 45. Qxe2 Re7 46. Qf3 Re1+ 47. Bf1 Be5 48. Rd2 Qe7 49. Re2 Rxe2 50. Bxe2 Qxc5 51. Bc4 Bf6 52. Qd3 Qf2 53. Qd7+ Kh6 54. Qxc6 Bd4 55. Qg2 Qe3 56. Qf1 Be5 57. Qg2 Qf4 58. Kg1 Kh5 59. Be2+ Kh4 60. Qg4+ Qxg4+ 1/2-1/2

[Event "Dabrowica Jastkow Memorial op 5th"]
[Site "Dabrowica"]
[Date "2016.01.09"]
[Round "2.3"]
[White "Mazur, Wojciech"]
[Black "Bogdanov, Ignat"]
[Result "0-1"]
[WhiteElo "1828"]
[BlackElo "1995"]
[PlyCount "62"]
[EventDate "2016.01.08"]
[EventType "tourn"]
[EventRounds "5"]
[EventCountry "POL"]
[SourceTitle "EXT 2023"]
[Source "ChessBase"]
[SourceDate "2022.10.05"]
[SourceVersion "1"]
[SourceVersionDate "2022.10.05"]
[SourceQuality "1"]

1. e4 e6 2. d4 d5 3. Nc3 dxe4 4. Nxe4 Bd7 5. Nf3 Bc6 6. Bd3 Nd7 7. 0-0 Ngf6 8. Nc3 Bd6 9. Re1 Bxf3 10. Qxf3 c6 11. Bf4 Bxf4 12. Qxf4 0-0 13. g4 Nd5 14. Nxd5 cxd5 15. g5 Re8 16. Re3 Nf8 17. h4 Qb8 18. Qf3 Qc7 19. Kg2 Ng6 20. Rh1 Nf4+ 21. Kg1 Nxd3 22. Rxd3 Qxc2 23. h5 Qc1+ 24. Kh2 Qxg5 25. h6 Qxh6+ 26. Kg2 Qg5+ 27. Kh2 Rac8 28. Qd1 g6 29. Rg3 Qf4 30. Kg2 Qe4+ 31. Kg1 Rc2 0-1